Kahani Flu Chi : Influenza te swine flu (Record no. 156978)

MARC details
000 -LEADER
fixed length control field 00357nam a2200133Ia 4500
008 - FIXED-LENGTH DATA ELEMENTS--GENERAL INFORMATION
fixed length control field 230411s9999 xx 000 0 und d
041 ## - LANGUAGE CODE
Language code of text/sound track or separate title eng
082 ## - DEWEY DECIMAL CLASSIFICATION NUMBER
Classification number X/891/KAH/B06612
100 ## - MAIN ENTRY--PERSONAL NAME
Personal name Kahate Atul
9 (RLIN) 179203
245 ## - TITLE STATEMENT
Title Kahani Flu Chi : Influenza te swine flu
260 ## - PUBLICATION, DISTRIBUTION, ETC. (IMPRINT)
Name of publisher, distributor, etc. Manovikas Prakashan
Place of publication, distribution, etc. Pune
Date of publication, distribution, etc. 2010
300 ## - PHYSICAL DESCRIPTION
Extent 216p
Holdings
Withdrawn status Lost status Damaged status Not for loan Collection code Home library Current library Date acquired Vendor Cost, normal purchase price Bill number Total Checkouts Full call number Barcode Date last seen Cost, replacement price Bill Date Koha item type Original Barcode
          Smt. Bakul Tambat Institute of Nursing Education Smt. Bakul Tambat Institute of Nursing Education 11/03/2011 Shubham Sahitya Pune 200.00 4073   X 891 KAH B06612 BTIN-BK-6612 11/04/2023 150.00 11/03/2011 Books B06612